000 00875nam a2200217Ia 4500
003 GCL
008 140319s9999 xx 000 0 ara d
020 _a4007404977
040 _aGCL /
_cGCL
082 0 4 _a004.678
_bع ا
100 1 _aعمر محمد بن يونس
245 1 0 _aالايكان منظمة تحديد الاسماء والارقام عبر الانترنت :
_bICANN INTERNET CORPORATION FOR ASSIGNED NAMES & NUMBERS /
_cعمر محمد بن يونس
260 _aالقاهرة :
_bدار النهضة العربية ،
_c2005
300 _a100 ص ؛
_c24 سم
650 0 4 _aالحاسبات الالكترونية - برامج
650 0 4 _aمجتمع المعلومات
650 0 4 _aالإنترنت - قوانين وتشريعات
650 0 4 _aالايكان
650 0 4 _aالإنترنت - المنظمات الدولية
942 _2ddc
_cBK
999 _c8618
_d8618